official Languages quiz - Statistics

General Stats
  • This quiz has been taken 33 times
  • The average score is 65 of 134
Answer Stats
language % Correct
English
95%
French
95%
German
95%
Arabic
90%
Hindi
90%
Italian
90%
Japanese
90%
Mandarin
90%
Spanish
90%
Turkish
90%
Finnish
85%
Korean
85%
Mongolian
85%
Polish
85%
Portuguese
85%
Russian
85%
Swedish
85%
Thai
85%
Urdu
85%
Vietnamese
85%
Danish
80%
Estonian
80%
Filipino
80%
Khmer
80%
Lao
80%
Lithuanian
80%
Persian
80%
Ukrainian
80%
Croatian
75%
Czech
75%
Dutch
75%
Greek
75%
Hebrew
75%
Hungarian
75%
Icelandic
75%
Irish
75%
Latvian
75%
Malay
75%
Norwegian
75%
Pashto
75%
Serbian
75%
Slovak
75%
Slovenian
75%
Afrikaans
70%
Albanian
70%
Burmese
70%
Macedonian
70%
Romani
70%
Zulu
70%
Armenian
65%
Azerbaijani
65%
Belarusian
65%
Bengali
65%
Bosnian
65%
Georgian
65%
Kazakh
65%
Swahili
65%
Turkmen
65%
Amharic
60%
Bulgarian
60%
Maori
60%
Romanian
60%
Somali
60%
Tamil
60%
Uzbek
60%
Catalan
55%
Kyrgyz
55%
Latin
50%
Malagasy
50%
Maltese
50%
Samoan
50%
Tajiki
50%
Xhosa
50%
Kinyarwanda
45%
Kurdish
45%
Nepali
45%
Romansh
45%
Dzongkha
40%
Fijian
40%
Kirundi
40%
Marshallese
40%
Montenegrin
40%
Sinhala
40%
Dari
35%
Luxembourgish
35%
Nauruan
35%
Ndebele
35%
Palauan
35%
Quechua
35%
Sotho
35%
Tswana
35%
Venda
35%
Dhivehi
30%
Shona
30%
Tok Pisin
30%
Tonga
30%
Tsonga
30%
Tuvaluan
30%
Bislama
25%
Guarani
25%
Tigrinya
25%
Aymara
20%
Chewa
20%
Tongan
20%
Hiri Motu
15%
Kiribati
15%
Abkhaz
10%
Comorian
10%
Sango
10%
Swati
10%
Moore
5%
Tetun
5%
Araona
0%
Ayoreo
0%
Baure
0%
Canichana
0%
Cavinena
0%
Cayubaba
0%
Chacobo
0%
Chiquitano
0%
Itonama
0%
Kallawaya
0%
Leco
0%
Movima
0%
Pacahuara
0%
Pauserna
0%
Puquina
0%
Reyesano
0%
Seselwa
0%
Siriono
0%
Tacana
0%
Tapiete
0%
Uru
0%
Weenhayek
0%
No matching quizzes found
Score Distribution
Percent of People with Each Score
Percentile by Number Answered
Your Score History
You have not taken this quiz